| 000 | 01229nam a2200301 a 4500 | ||
|---|---|---|---|
| 001 | |||
| 003 | OSt | ||
| 005 | 20260319120018.0 | ||
| 008 | 081112s2020 dr o 000 0 spa d | ||
| 020 | _a9789945617191 | ||
| 040 |
_aDO-SdBNP _bspa _cBNPHU |
||
| 082 |
_a923.597293 _bM375p |
||
| 100 |
_aPichardo, Alodia _977148 |
||
| 245 | 1 | 0 |
_aHolguín Marte : _bEl héroe de El Guineal / _c Alodia Pichardo |
| 260 |
_aSanto Domingo : _bSantuario, _c2020 |
||
| 300 |
_a135 p. : _bil., retrs. ; _c23 cm. |
||
| 500 | _a ncluye datos biográficos del autora en la solapa de la cubierta | ||
| 500 | _aIncluye referencias bibliográficas y notas al pie de las páginas | ||
| 590 | _aInventariado, 2020/VM | ||
| 600 | 1 | 4 |
_aHolguin Marte, Ramón Euclides _d1946-1973 _vHomenajes _977149 |
| 610 | 1 | 4 |
_aCentro Comunal Ramón Holguin Marte _zSan Pedro de Macorís (República Dominicana) _977150 |
| 650 | 4 |
_aMártires _b _91435 _xHomenajes póstumos. _zRepublica Dominicana |
|
| 650 | 0 |
_aPreservación del patrimonio histórico _xBiografías _91436 |
|
| 651 | 0 |
_aSantiago de los Caballeros (Republica Dominicana) _yRevolución 1965 _98269 |
|
| 700 | 1 |
_aLantigua, José Rafael, _d1949- _91438 |
|
| 910 | _a VMateo | ||
| 942 |
_2ddc _cLBS1 |
||
| 999 |
_c49071 _d49071 |
||